000 01381cam a22003857a 4500
003 CHAP
005 20220329142100.0
008 990603d1999 mx b r 00110 spa d
010 _a78114
011 _a79086
035 _a89238
040 _cCHAP
090 _aTesis
100 0 0 _aCruz Carrada, Andrés Valentín.
_929319
245 1 3 _aLa pobreza en Santa Catarina Yosonotu (Mixteca Alta Oaxaqueña)
_c/por Andrés Valentín Cruz Carrada
260 _aChapingo, Méx. :
_bEl autor,
_c1999.
300 _a106 h. : mapas
502 _aTesis (Ing. Agr. Esp. en Sociología Rural) -- UACH. Departamento de Sociología Rural
590 _aALEPH
_b10
_c20130110
_lUCH01
_h1429
590 _aBATCH-UPD
_b10
_c20130110
_lUCH01
_h0726
590 _aBATCH-UPD
_b10
_c20130410
_lUCH01
_h0410
590 _aBATCH-UPD
_b10
_c20130914
_lUCH01
_h1105
590 _aCONVERSION
_b10
_c20130109
_lUCH01
_h1343
650 1 4 _aDesnutrición.
_932165
650 1 4 _aOaxaca
_xCondiciones económicas.
_982476
650 1 4 _aOaxaca
_xCondiciones rurales.
_982477
650 1 4 _aOaxaca
_xCondiciones sociales.
_982478
650 1 4 _aPobreza.
_989463
901 _aBK
905 _aAlejandra Carrasco M.
942 _cFOLL
949 _bBC
_cTES
_d33724000716585
_eTS2
_fc.2
_h34078
_i89238
_si
949 _bBC
_cTES
_d33724000747747
_eTS2
_fc.3
_h35885
_i89238
_si
949 _bBC
_cTES
_d892381
_eTS1
_h34077
_i89238
_sb
999 _c78114
_d78114